<?xml version="1.0" encoding="UTF-8"?>
<record
    xmlns:xsi="http://www.w3.org/2001/XMLSchema-instance"
    xsi:schemaLocation="http://www.loc.gov/MARC21/slim http://www.loc.gov/standards/marcxml/schema/MARC21slim.xsd"
    xmlns="http://www.loc.gov/MARC21/slim">

  <leader>00568nam a22001817a 4500</leader>
  <controlfield tag="005">20170620122452.0</controlfield>
  <datafield tag="010" ind1=" " ind2=" ">
    <subfield code="a">ENG-118882</subfield>
  </datafield>
  <datafield tag="020" ind1=" " ind2=" ">
    <subfield code="a">9788192060807</subfield>
    <subfield code="c">290.00</subfield>
  </datafield>
  <datafield tag="035" ind1=" " ind2=" ">
    <subfield code="a">EN-102414</subfield>
  </datafield>
  <datafield tag="037" ind1=" " ind2=" ">
    <subfield code="b">DBAD/PUB</subfield>
  </datafield>
  <datafield tag="082" ind1=" " ind2=" ">
    <subfield code="a">657</subfield>
  </datafield>
  <datafield tag="100" ind1=" " ind2=" ">
    <subfield code="a">Rao, K.  Rajeswar</subfield>
  </datafield>
  <datafield tag="245" ind1=" " ind2=" ">
    <subfield code="a">Fudamentals of accounting &amp; finance /</subfield>
    <subfield code="c">by K. Rajeswar Rao [and] G. Prasad</subfield>
  </datafield>
  <datafield tag="260" ind1=" " ind2=" ">
    <subfield code="a">Ahndhra Pradesh</subfield>
    <subfield code="b">Jai Bharth Publishers</subfield>
    <subfield code="c">2012</subfield>
  </datafield>
  <datafield tag="270" ind1=" " ind2=" ">
    <subfield code="a">2//18 Brodipet, Guntur</subfield>
    <subfield code="b">Ahndhra Pradesh</subfield>
    <subfield code="e">522002</subfield>
  </datafield>
  <datafield tag="300" ind1=" " ind2=" ">
    <subfield code="a">Various pages.</subfield>
    <subfield code="c">25cm(pbk)</subfield>
  </datafield>
  <datafield tag="942" ind1=" " ind2=" ">
    <subfield code="2">ddc</subfield>
    <subfield code="c">EN</subfield>
    <subfield code="h">657</subfield>
    <subfield code="m">RAO</subfield>
  </datafield>
  <datafield tag="999" ind1=" " ind2=" ">
    <subfield code="c">141465</subfield>
    <subfield code="d">141465</subfield>
  </datafield>
  <datafield tag="952" ind1=" " ind2=" ">
    <subfield code="0">0</subfield>
    <subfield code="1">0</subfield>
    <subfield code="4">0</subfield>
    <subfield code="7">0</subfield>
    <subfield code="8">NFIC</subfield>
    <subfield code="a">AV</subfield>
    <subfield code="b">AV</subfield>
    <subfield code="d">2017-06-20</subfield>
    <subfield code="e">d</subfield>
    <subfield code="g">290.00</subfield>
    <subfield code="l">0</subfield>
    <subfield code="o">657 RAO</subfield>
    <subfield code="p">EN-102414</subfield>
    <subfield code="r">2017-06-20 00:00:00</subfield>
    <subfield code="t">1</subfield>
    <subfield code="v">290.00</subfield>
    <subfield code="y">EN</subfield>
  </datafield>
</record>
